| 000 | 00593 a2200217 4500 | ||
|---|---|---|---|
| 003 | MN-UlNLM | ||
| 005 | 20230114161318.0 | ||
| 008 | a130s1958 mp ||||| |||| 00|mon d | ||
| 040 | _aМонгол Улсын Үндэсний номын сан | ||
| 041 | _amon | ||
| 084 |
_210-t _a89 Тув _bН 678 _q84 |
||
| 110 | _aШУДБХ | ||
| 245 | 0 |
_aНогоон дарь эхийн тууж _cРед. Ц.Шагдар |
|
| 260 | 1 |
_aУБ _bШУДБХХ _c1958 |
|
| 300 | _a10х | ||
| 546 | _aMongolia | ||
| 653 | _aУран зохиол | ||
| 856 | _aprintbook | ||
| 942 | _cBK | ||
| 999 |
_c5840 _d5840 |
||